| 000 | 01159cam a22003734a 4500 | ||
|---|---|---|---|
| 001 | 4177 | ||
| 003 | FISKH | ||
| 005 | 20240625141755.0 | ||
| 008 | 990325s1999 nyua b 000 0 eng | ||
| 010 | _a 99023160 | ||
| 020 | _a0789447592 (hc) | ||
| 020 | _a9780789447586 | ||
| 020 | _a0789447584 (pb) | ||
| 040 |
_aDLC _cDLC _dDLC _beng |
||
| 042 |
_apcc _alcac |
||
| 050 | _aQL568.A6 | ||
| 082 | _a595.799 | ||
| 100 | 1 | _aWallace, Karen. | |
| 245 | 1 | 0 |
_aBusy buzzy bee / _cwritten by Karen Wallace. |
| 260 |
_aNew York : _bDorling Kindersley, _c1999 |
||
| 300 |
_a32 pages : _bcolor illustrations ; _c23 cm |
||
| 490 |
_aEyewitness readers. _vLevel 1 |
||
| 505 | _aG | ||
| 520 | _aExplains the behavior and lives of bees, discussing how they collect nectar from flowers, care for their eggs and queen bee, and communicate with each other. | ||
| 521 | 8 |
_a420
_bLexile |
|
| 521 | 8 |
_aG
_bRaz-Plus |
|
| 650 | 0 |
_aHoneybee _vJuvenile literature. |
|
| 650 | 0 |
_aBees _vJuvenile literature. |
|
| 650 | 1 | _aHoneybee. | |
| 650 | 1 | _aBees. | |
| 906 |
_a7 _bcbc _corignew _d1 _eocip _f19 _gy-gencatlg |
||
| 942 |
_2ddc _cBK _n0 |
||
| 999 |
_c4177 _d4177 |
||